| 000 | 00529nam a22001457a 4500 | ||
|---|---|---|---|
| 999 |
_c128055 _d128055 |
||
| 005 | 20220826101356.0 | ||
| 008 | 220826b ||||| |||| 00| 0 eng d | ||
| 040 | _cPK-LaUMT | ||
| 082 |
_aAPC 297.4 _bZAH-K |
||
| 100 | _aZaheer Ahmad Siddiqui = ظہیر احمد صدیقی | ||
| 245 |
_aKhanqah nasheeni wa khrqah poshi sofia = خانقاہ نشینی و خرقہ پوشی صوفیہ / _cby Zaheer Ahmad Siddiqui = ظہیر احمد صدیقی |
||
| 260 |
_aLahore : _bG. C. University, _cNA |
||
| 300 | _a156 p. | ||
| 942 | _cBK | ||